Таблицы значений pk некоторых орто-замещенных фенолов

Detalles Bibliográficos
Autor principal: Новиков В. Т. Виктор Тимофеевич
Autor Corporativo: Томский политехнический институт
Otros Autores: Чернова Л. А. Людмила Алексеевна
Lenguaje:ruso
Publicado: Томск, 1986
Materias:
Formato: Libro
KOHA link:https://koha.lib.tpu.ru/cgi-bin/koha/opac-detail.pl?biblionumber=594522

MARC

LEADER 00000nam0a2200000 4500
001 594522
005 20240117161000.0
029 0 0 |a RU  |b 198-ХП  |f ОНИИТЭХим 
035 |a (RuTPU)RU\TPU\tpu\10618 
035 |a RU\TPU\tpu\8690 
090 |a 594522 
100 |a 20021219d1986 k y0rusy50 ca 
101 0 |a rus 
102 |a RU 
105 |a y z 000zy 
200 1 |a Таблицы значений pk некоторых орто-замещенных фенолов  |f В. Т. Новиков, Л. А. Чернова 
210 |a Томск  |d 1986 
215 |a 23 с. 
320 |a Библиогр.: 74 назв. - Деп. в ОНИИТЭХим, г. Черкассы, 31.01.86, № 198-ХП. 
610 1 |a труды учёных ТПУ 
700 1 |a Новиков  |b В. Т.  |c химик  |c доцент Томского политехнического университета, кандидат химических наук  |f 1946-  |g Виктор Тимофеевич  |3 (RuTPU)RU\TPU\pers\3209  |9 13515 
701 1 |a Чернова  |b Л. А.  |c ХТФ  |f 1949-  |g Людмила Алексеевна  |3 (RuTPU)RU\TPU\pers\3374 
712 0 0 |a Томский политехнический институт 
801 1 |a RU  |b 63413507  |c 20020522  |g PSBO 
801 2 |a RU  |b 63413507  |c 20100220  |g PSBO 
942 |c BK